000 00583naa a2200205 i 4500
001 76653
003 ES-MaBCM
005 20241016120403.0
008 010720s2001 fra 000 0 fre d
021 _axx
035 _a(OCoLC)1365244769
040 _cES-MaBCM
041 0 _afre
043 _afra
245 0 0 _aModernisation du code des marchés publics, mode d'emploi
650 2 7 _aContratación administrativa
_958095
651 4 _aFrancia
_9115364
773 0 _aEn:
_tProblèmes économiques
_dParis : 2001
_w104496
_gnº 2.720, juil., p. 7-13. - Loc. S:428
942 _cAREV
999 _c76653
_d76653